Welcome to the Holygrace Academy Library

Please use search bar below to get started

THE BABY BROTHER FROM OUTER SPACE (Record no. 5718)

MARC details
000 -LEADER
fixed length control field 00333nam a22001457a 4500
020 ## - INTERNATIONAL STANDARD BOOK NUMBER
ISBN 978-1-78800-1182
082 ## - DEWEY DECIMAL CLASSIFICATION NUMBER
Classification number 823
Item number BUT/B
100 ## - MAIN ENTRY--AUTHOR NAME
Personal name BUTCHART,PAMELA
245 ## - TITLE STATEMENT
Title THE BABY BROTHER FROM OUTER SPACE
260 ## - PUBLICATION, DISTRIBUTION, ETC. (IMPRINT)
Place of publication UK
Name of publisher NOSY CROW LTD
Year of publication 2018
300 ## - PHYSICAL DESCRIPTION
Number of Pages 91
520 ## - SUMMARY, ETC.
Summary, etc ENGLISH STORY
650 ## - SUBJECT ADDED ENTRY--TOPICAL TERM
Topical Term ENGLISH STORY
942 ## - ADDED ENTRY ELEMENTS (KOHA)
Koha item type Books
Holdings
Withdrawn status Lost status Collection code Home library Current library Shelving location Date acquired Source of acquisition Full call number Accession Number Koha item type
    Fiction Main Library Main Library SHELF 15-I-CHILDREN'S STORYBOOKS 19/07/2019 Purchase 823 BUT/B 11413 Books